Ken Carson Songs A-Z - Statistics

General Stats
  • This quiz has been taken 85 times
    34 since last reset
  • The average score is 18 of 24
Answer Stats
Hint Answer % Correct
S Shake/So What/South Beach/Same Thing/Shoot/SwagOverload/Singapore/Succubus/SS/She want some more
100%
G Gems/Go/Going Schitz/Get Rich or Die/Green Room/Ghoul
92%
L Lookbook/Lose It/Like This/Loading/Leather Jacket/Lordof Chaos/LiveLeak
92%
M MDMA/Money Hunt/Murda Musik/Me N My Kup/MoreChaos/Mewtwo/margiela/Money Spread
92%
T Till I Die/Turn Up/Toxic/Trap Jump/Thx/Teen bean/Tic TacToe
92%
O Overtime/Overseas/Off The Meter/Open it up
88%
R Rock n Roll/Run+Ran/Rockstar Lifestyle/Root of all evil
88%
X X/Xposed
88%
Y yes/Yale
88%
C Change/Clutch/Confetti/Catastrophe
84%
F Freestyle/Fuk 12/Fashion habits/Fighting My Demons/Fold/Fell in Love
84%
I It's Over/I Need U/Inferno
80%
P Party All Day/PDBMH/Patrick Ewing/Paranoid/Pots/Psycho/PB&J
80%
J Jennifer's Body
76%
K K-Hole/Kryptonite
76%
A The acronym
76%
N New/Nobody/Nightcore/Naked
72%
D Delinquent/Diamonds/Dismantled/Down2Earth/Delusional
68%
E Evolution/the end
64%
# 200 Kash/2000/32
60%
B Burnin Up/Blakk Rockstar
60%
H Hella/Hardcore
56%
V Vampire Hour/Veteran
56%
W Who's Next
32%
No matching quizzes found
Score Distribution
Percent of People with Each Score
Percentile by Number Answered
Your Score History
You have not taken this quiz since the last reset